Pixar and Disney Trivia - Statistics

General Stats
  • This quiz has been taken 3,380 times
  • The average score is 11 of 15
Answer Stats
Hint Answer % Correct
'Let it Go!' Elsa
95%
Andy's favourite cowboy Woody
95%
'I'm gonna Wreck It!' Wreck it Ralph
94%
She fell in love with a beast Belle
90%
Sully's best friend Mike
88%
The loveable robot from post-apocalyptic earth Wall E
88%
The magical Nanny with an umbrella Mary Poppins
80%
His mother was killed by hunters Bambi
79%
'I'm a Sullivan!' Sully
73%
Comedic, disgusting character form Ice Age Sid
71%
How Disney all started Mickey Mouse
69%
'I can fix it!' Fix it Felix
64%
Wall E's girlfriend Eva
53%
Ice Age character played by Ray Romano Manny
45%
'You'll forever remember this as the day that you almost captured ..........' Jack Sparrow
33%
No matching quizzes found
Score Distribution
Percent of People with Each Score
Percentile by Number Answered
Your Score History
You have not taken this quiz